00679nam a2200241 a 4500001001300000003000900013005001700022008004100039020002300080082001800103100002000121245002200141260003300163300000900196500003500205505001000240650001600250700002000266902000800286942000700294952011900301999001700420nice12345678IN_TiNIC20260116013340.0050524s1992 boma grp 000 0 urd  a8190025 c25000a891.4391bNAT aNathani, Sultan aIntekhab-O-Lughat aBombaybSultan Nathanic1992 a360p aincludes index and biblioraphy2 aIndex aUrdu-Poetry1 aNathani, Sultan bSRS cBK 001040708StackRoom-aHMIbHMId2007-06-25g250.00l0o891.4391 NATp015463r2007-06-25v250.00w2005-05-24yBK c10651d10651